[Event "Orsha A 2021"]
[Site "Orsha"]
[Date "2021.04.09"]
[Round "7.7"]
[White "Ulasevich, Sergei"]
[Black "Klachkou, Tsimafei"]
[Result "1-0"]
[WhiteElo "2170"]
[BlackElo "1992"]
[Annotator "NA"]
[PlyCount "108"]
[EventDate "2021.04.06"]
[EventType "swiss"]
[EventCountry "BLR"]
[SourceTitle "playchess.com"]
[Source "ChessBase"]
[SourceQuality "1"]
[TimeControl "5400+30"]

1. e4 {[%emt 0:00:00]} c5 {[%emt 0:00:00]} 2. Nf3 {[%emt 0:00:00]} Nc6 {[%emt 0:00:00]} 3. Bb5 {[%emt 0:00:11]} g6 {[%emt 1:31:30]} 4. O-O {[%emt 1:31:49]} Bg7 {[%emt 0:00:06]} 5. c3 {[%emt 0:00:13]} d5 {[%emt 0:02:49]} 6. Qa4 {[%emt 0:06:50]} Qd6 {[%emt 0:13:23]} 7. d4 {[%emt 0:16:05]} dxe4 {[%emt 0:04:36]} 8. dxc5 {[%emt 0:01:33]} Qxc5 {[%emt 0:01:31]} 9. Be3 {[%emt 0:00:26]} Qd6 {[%emt 0:00:52]} 10. Rd1 {[%emt 0:09:45]} Qc7 {[%emt 0:01:00] [#]} 11. Qxe4 {[%emt 0:11:58]} (11. Bf4 $1 $16 {[%cal Rf4c7][%mdl 512]} Qb6 (11... e5 12. Nxe5) 12. Nd4 Bxd4 13. cxd4) 11... Nf6 {[%emt 0:02:03]} 12. Qe5 {[%emt 0:00:40]} Qxe5 {[%emt 0:00:05]} 13. Nxe5 {[%emt 0:00:05]} Bd7 {[%emt 0:00:07]} 14. Nxd7 {[%emt 0:48:56]} Nxd7 {[%emt 0:00:01]} 15. Bxc6 {[%emt 0:00:14]} bxc6 {[%emt 0:00:01]} 16. Nd2 {[%emt 0:00:12]} Be5 {[%emt 0:09:00]} 17. a4 {[%emt 0:01:43]} a6 {[%emt 0:02:26]} 18. Nc4 {[%emt 0:01:41]} Bc7 {[%emt 0:00:43]} 19. b4 {[%emt 0:03:49]} Ne5 {[%emt 0:00:54]} 20. Nd2 {[%emt 0:05:40]} Ng4 {[%emt 0:02:16]} 21. Nf3 $11 {[%emt 0:01:29]} (21. Bd4 $5 {[%cal Rd4h8]} Bxh2+ 22. Kf1 $14) 21... Nxe3 {[%emt 0:07:45]} 22. fxe3 {[%emt 0:00:03]} e5 {[%emt 0:00:24]} 23. e4 {[%emt 0:01:08]} Ke7 {[%emt 0:00:48]} 24. Kf2 {[%emt 0:01:17]} f5 {[%emt 0:01:22]} 25. Nd2 {[%emt 0:01:06]} Bb6+ {[%emt 0:03:11]} 26. Ke2 {[%emt 0:00:41]} Rhd8 {[%emt 0:00:31]} 27. Nc4 {[%emt 0:00:20]} Bc7 {[%emt 0:00:01]} 28. h3 {[%emt 0:00:50]} f4 {[%emt 0:00:33]} 29. Rxd8 {[%emt 0:10:03]} Rxd8 {[%emt 0:00:08]} 30. Rd1 {[%emt 0:00:05]} Rxd1 {[%emt 0:01:50]} 31. Kxd1 {[%emt 0:00:01]} g5 {[%emt 0:00:09]} 32. Ke2 {[%emt 0:00:09]} h5 {[%emt 0:00:05]} 33. Kf3 {[%emt 0:00:19]} Ke6 {[%emt 0:00:33]} 34. g4 {[%emt 0:00:41]} h4 {[%emt 0:00:12]} 35. Ke2 {[%emt 0:00:18]} Bd8 {[%emt 0:06:30]} 36. Kd3 {[%emt 0:01:12]} Bf6 {[%emt 0:00:23]} 37. Nd2 {[%emt 0:00:09]} Kd6 {[%emt 0:00:04]} 38. Kc4 {[%emt 0:00:07]} Be7 {[%emt 0:00:19]} 39. Kb3 {[%emt 0:01:01]} Bd8 {[%emt 0:00:14]} 40. Nf3 {[%emt 0:00:33]} Bf6 {[%emt 0:00:23]} 41. Nd2 {[%emt 0:05:53]} Bd8 {[%emt 0:00:42]} 42. Ka3 {[%emt 0:00:34]} Kd7 {[%emt 0:01:52]} 43. Kb2 {[%emt 0:04:17]} Ke6 {[%emt 0:00:27]} 44. Kc2 {[%emt 0:00:34]} Kd7 {[%emt 0:00:21]} 45. Nb3 {[%emt 0:10:35]} Bb6 {[%emt 0:06:56]} 46. Kd3 {[%emt 0:00:20]} Kd6 {[%emt 0:03:14]} 47. c4 {[%emt 0:01:49]} Bd8 {[%emt 0:04:39]} 48. a5 {[%emt 0:00:31]} Be7 {[%emt 0:01:42]} 49. Nd2 {[%emt 0:00:10]} Ke6 {[%emt 0:01:03]} 50. Kc3 {[%emt 0:00:27]} Bd8 {[%emt 0:01:28]} 51. Kb3 {[%emt 0:01:52]} c5 {[%emt 0:01:08]} 52. b5 {[%emt 0:00:39]} axb5 {[%emt 0:00:26]} 53. a6 {[%emt 0:00:11]} bxc4+ {[%emt 0:00:04]} 54. Nxc4 {[%emt 0:00:06]} Bb6 {[%emt 0:00:12]} 1-0

[Event "Orsha A 2021"]
[Site "Orsha"]
[Date "2021.04.09"]
[Round "7.8"]
[White "Spizharny, Mikhail"]
[Black "Bugaev, Anton"]
[Result "1/2-1/2"]
[WhiteElo "2153"]
[BlackElo "1748"]
[Annotator "NA"]
[PlyCount "132"]
[EventDate "2021.04.06"]
[EventType "swiss"]
[EventCountry "BLR"]
[SourceTitle "playchess.com"]
[Source "ChessBase"]
[SourceQuality "1"]
[TimeControl "5400+30"]

1. e4 {[%emt 0:00:00]} c5 {[%emt 0:00:00]} 2. Nf3 {[%emt 0:00:00]} e6 {[%emt 0:00:00]} 3. c4 {[%emt 0:00:01]} Nc6 {[%emt 0:00:07]} 4. Be2 {[%emt 0:00:34]} Nf6 {[%emt 0:01:14]} 5. Nc3 {[%emt 0:00:14]} d5 {[%emt 0:01:57]} 6. exd5 {[%emt 0:00:08]} exd5 {[%emt 0:00:06]} 7. d4 {[%emt 0:00:04]} cxd4 {[%emt 0:08:55] seems to push 7...Be6 aside.} 8. Nxd4 {[%emt 0:00:16]} dxc4 {[%emt 0:06:09]} 9. Nxc6 {[%emt 0:00:37]} Qxd1+ {[%emt 0:00:23]} 10. Nxd1 {[%emt 0:01:15]} bxc6 {[%emt 0:00:29]} 11. Bxc4 {[%emt 0:00:17]} Bb4+ {[%emt 0:02:52]} 12. Bd2 {[%emt 0:02:37]} Bxd2+ {[%emt 0:05:06]} 13. Kxd2 {[%emt 0:00:01]} O-O {[%emt 0:01:31]} 14. Ne3 {[%emt 0:03:31]} Rd8+ {[%emt 0:02:02]} 15. Ke2 {[%emt 0:00:50]} Rb8 {[%emt 0:01:41]} 16. b3 {[%emt 0:01:00]} Ne4 {[%emt 0:01:47] [#]} 17. Rhc1 $146 {[%emt 0:10:13]} ({Predecessor:} 17. Nd1 Bf5 18. f3 Nd2 19. Ne3 Nxc4 20. Nxc4 Bd3+ 21. Ke3 Bxc4 22. bxc4 Rb2 23. Rad1 {½-½ (70) Berke,A (2171)-Turk,T (1991) Sibenik 2016}) 17... Rd2+ {[%emt 0:16:15]} 18. Ke1 $1 {[%emt 0:00:01]} Rd6 {[%emt 0:08:20]} 19. Rd1 {[%emt 0:03:40]} Kf8 {[%emt 0:03:24]} 20. f3 $18 {[%emt 0:00:50]} Rxd1+ {[%emt 0:00:10]} 21. Rxd1 {[%emt 0:00:02]} Nf6 {[%emt 0:00:28] [#]} 22. Rd8+ $1 {[%emt 0:04:01]} Ke7 {[%emt 0:00:45]} 23. Rh8 {[%emt 0:00:16]} g6 {[%emt 0:07:27]} 24. Ba6 {[%emt 0:00:42]} Ne8 {[%emt 0:01:56]} 25. Bxc8 {[%emt 0:00:11]} Rxc8 {[%emt 0:00:06]} 26. Rxh7 {[%emt 0:00:04]} Nd6 {[%emt 0:03:08]} 27. Rh4 {[%emt 0:00:57]} Kf6 {[%emt 0:00:40]} 28. Ra4 {[%emt 0:00:42]} Nb5 {[%emt 0:02:56]} 29. Ra6 {[%emt 0:01:52]} Ke6 {[%emt 0:02:29]} 30. Kd2 {[%emt 0:02:59]} Rc7 {[%emt 0:03:17]} 31. Kc2 {[%emt 0:01:27]} Ke5 {[%emt 0:01:42]} 32. Ra4 {[%emt 0:00:48]} f5 {[%emt 0:02:42]} 33. Rh4 {[%emt 0:01:01]} g5 {[%emt 0:03:09]} 34. Nc4+ {[%emt 0:01:19]} Kd5 {[%emt 0:00:29]} 35. Rh6 {[%emt 0:02:08]} Re7 {[%emt 0:02:46]} 36. Kd3 {[%emt 0:03:05]} Kc5 {[%emt 0:01:46]} 37. Rg6 {[%emt 0:01:30]} Rd7+ {[%emt 0:00:55]} 38. Kc2 {[%emt 0:02:08]} Nd4+ {[%emt 0:00:33]} 39. Kc1 {[%emt 0:07:53]} Re7 {[%emt 0:01:21]} 40. Rxg5 {[%emt 0:01:05]} Re2 {[%emt 0:02:59]} 41. Kd1 {[%emt 0:04:30]} Rxa2 {[%emt 0:01:03]} 42. h4 {[%emt 0:01:27]} Nxb3 {[%emt 0:01:41]} 43. Ne3 {[%emt 0:00:38]} Kd4 {[%emt 0:01:40]} 44. Nxf5+ {[%emt 0:00:18]} Kd3 {[%emt 0:00:13]} 45. Ke1 {[%emt 0:00:05]} c5 {[%emt 0:01:01]} 46. Nd6 {[%emt 0:01:03]} Re2+ {[%emt 0:01:07]} 47. Kf1 {[%emt 0:00:18]} Nd2+ {[%emt 0:00:26]} 48. Kg1 {[%emt 0:00:01]} Re6 {[%emt 0:01:32]} 49. Nb7 {[%emt 0:01:18]} Re1+ {[%emt 0:00:20]} 50. Kh2 {[%emt 0:00:35]} c4 {[%emt 0:00:14]} 51. Rd5+ {[%emt 0:02:52]} Kc2 {[%emt 0:01:20]} 52. h5 {[%emt 0:01:18]} c3 {[%emt 0:00:34]} 53. Nd6 {[%emt 0:01:09]} Kb2 {[%emt 0:00:46]} 54. Nb5 {[%emt 0:00:12]} Nf1+ {[%emt 0:00:17]} 55. Kh3 {[%emt 0:03:53]} c2 {[%emt 0:00:12]} 56. Rc5 {[%emt 0:00:14]} c1=Q {[%emt 0:00:21]} 57. Rxc1 {[%emt 0:00:02]} Rxc1 {[%emt 0:00:21]} 58. Nxa7 {[%emt 0:00:25]} Ne3 {[%emt 0:00:37]} 59. g4 {[%emt 0:00:17]} Kc3 {[%emt 0:00:50]} 60. Nc6 {[%emt 0:01:16]} Kc4 {[%emt 0:00:21]} 61. Ne7 {[%emt 0:01:36]} Kc5 {[%emt 0:00:27]} 62. Kh4 {[%emt 0:02:09]} Kd6 {[%emt 0:00:20]} 63. Ng6 {[%emt 0:00:08]} Ke6 {[%emt 0:00:45]} 64. Kg5 {[%emt 0:02:25]} Rc5+ {[%emt 0:00:11]} 65. Kf4 {[%emt 0:04:59]} Nd5+ {[%emt 0:01:49]} 66. Kg5 {[%emt 0:29:33]} Ne3+ {[%emt 0:00:30]} 1/2-1/2

[Event "Orsha A 2021"]
[Site "Orsha"]
[Date "2021.04.10"]
[Round "8.1"]
[White "Aleksandrov, Aleksej"]
[Black "Zarubitski, Viachaslau"]
[Result "1-0"]
[WhiteElo "2563"]
[BlackElo "2456"]
[Annotator "TA"]
[PlyCount "95"]
[EventDate "2021.04.06"]
[EventType "swiss"]
[EventCountry "BLR"]
[SourceTitle "playchess.com"]
[Source "ChessBase"]
[SourceQuality "1"]

{[%evp 15,95,-2,24,0,8,6,12,-3,0,0,0,0,0,0,0,0,0,-17,20,16,16,18,17,11,29,14,17,11,41,36,35,25,63,64,61,52,61,41,53,41,52,43,43,52,60,64,61,60,75,83,75,75,81,74,74,63,115,115,135,142,379,377,424,414,404,179,431,362,501,157,564,466,831,831,982,883,1458,1342,4894,3520,29990,29991]} 1. Nf3 Nf6 2. c4 c6 3. Nc3 d5 4. e3 e6 5. d4 Nbd7 6. Bd3 dxc4 7. Bxc4 b5 8. Bd3 Bd6 9. a3 {D47: Semi-Slav: Meran System.} O-O 10. Ng5 $5 {[%mdl 4] Exploring less charted territory.} Bb7 11. Qc2 {[%cal Rd3h7] The position is equal.} h6 12. Nge4 Be7 13. b4 a5 14. Rb1 axb4 15. axb4 e5 16. Nc5 {[#]} Nxc5 $146 ({Predecessor:} 16... exd4 17. Nxb7 Qb6 18. exd4 Qxb7 19. O-O Nb6 20. Ne4 Nxe4 21. Bxe4 Nd5 22. Bd2 Qb6 {1-0 (40) Schubert,T (2365)-Petr,M (2415) Germany 2006}) 17. dxc5 Bc8 18. O-O Be6 19. Bb2 Qc7 20. h3 Rfd8 21. Ra1 Nd5 22. Nxd5 Bxd5 23. Be4 Bc4 24. Rxa8 Rxa8 25. Rd1 f6 26. Rd2 Be6 27. Qd1 Ra4 28. Bc3 Ra3 29. Qc1 Ra8 30. f4 exf4 31. exf4 Bf8 32. Qe1 Bc4 33. Qe3 Ra3 {White must now prevent ...Qe7.} 34. Qd4 Qc8 35. Rd1 Qe6 (35... Be6 $14) 36. Re1 $16 {Threatens to win with Bh7+!} f5 37. Bf3 Qg6 (37... Qc8 $16 38. Bh5 Be6) 38. Re3 $18 Ra2 39. Qd7 Rc2 ({Don't go for} 39... Qg3 $2 40. Bd5+ $1 {[%mdl 512]} Bxd5 41. Rxg3 $18) 40. Qxc6 (40. Bxc6 $142 h5 {[#]} 41. Qd1 $1) 40... Qf7 $2 (40... Qxc6 {keeps fighting.} 41. Bxc6 g5) 41. h4 h5 42. Qb7 $2 (42. Qa8 $18 {has better winning chances.}) 42... Qg6 $2 {A mistake that costs the game.} (42... Qxb7 $16 {is more resistant.} 43. Bxb7 g6) 43. Qd7 Rc1+ (43... Kh7 $142 44. Be5 Qf7) 44. Kh2 Kh7 45. Qd2 Rf1 46. Qd8 Qf7 47. c6 Qg6 48. Qxf8 {Weighted Error Value: White=0.23/Black=0.63} 1-0

[Event "Orsha A 2021"]
[Site "Orsha"]
[Date "2021.04.10"]
[Round "8.2"]
[White "Siniauski, Artsiom"]
[Black "Stupak, Kirill"]
[Result "1/2-1/2"]
[WhiteElo "2277"]
[BlackElo "2501"]
[Annotator "TA"]
[PlyCount "98"]
[EventDate "2021.04.06"]
[EventType "swiss"]
[EventCountry "BLR"]
[SourceTitle "playchess.com"]
[Source "ChessBase"]
[SourceQuality "1"]

{[%evp 18,98,23,34,25,28,38,41,46,38,55,55,55,65,72,55,82,74,139,105,136,119,122,56,42,53,60,42,42,37,31,31,42,-9,-29,-25,-11,-45,-27,-52,-36,-26,-7,-6,0,0,0,0,0,0,0,0,0,-13,-13,-9,-11,-4,-6,-15,-12,-28,0,0,0,-14,0,0,0,0,0,0,0,0,0,0,0,0,0,0,0,0,0]} 1. e4 e6 2. d4 d5 3. Nc3 Nc6 4. Nf3 Nf6 5. e5 Ne4 6. Bd3 Bb4 7. Bd2 Nxd2 8. Qxd2 f6 9. a3 Bxc3 10. Qxc3 fxe5 {C10: French with 3 Nc3: Unusual Black 3rd moves and 3...dxe4.} 11. dxe5 Bd7 12. Qd2 Qe7 {White is slightly better.} 13. b4 {[#]} a6 $146 ({Predecessor:} 13... O-O 14. b5 Nd8 15. O-O c5 16. c4 Nf7 17. a4 Rad8 18. Qc2 h6 19. Rfe1 Bc8 {½-½ (45) Oppermann,R (2018)-Johnston,A (1925) ICCF email 2009}) 14. O-O O-O 15. Qe3 Qe8 16. c4 Qh5 17. Rfe1 Qg4 (17... Rae8 $142) 18. Rad1 Qf4 19. cxd5 exd5 20. Bc2 (20. e6 $16 Qxe3 21. Rxe3) 20... Qxe3 $14 21. Rxe3 Ne7 22. Nd4 b6 23. Rc3 Rac8 24. Nb3 Bb5 25. Bd3 (25. g3 $14) 25... Bxd3 $11 26. Rdxd3 Rf4 27. g3 Rc4 28. Re3 Nf5 29. Rf3 {[#]} Re8 $1 30. Nd2 (30. Rxc4 dxc4) 30... Rxc3 31. Rxc3 Rxe5 32. Rxc7 {[%mdl 4096] Endgame KRN-KRN} Re1+ 33. Kg2 Re2 34. Nf1 Nd6 35. Rd7 Ne4 36. Rxd5 Rxf2+ 37. Kg1 Ra2 38. Rd3 Ng5 {[#] And now ...Nh3+ would win.} 39. Kh1 Rf2 40. Ne3 {The position is equal.} h5 {Black wants to play ...Nf3.} 41. Rc3 Re2 (41... Kf7 {with more complications.} 42. Kg1 Nh3+ 43. Kh1 Ra2 44. Rc2 Rxa3 45. Nc4 Rb3) 42. Nd5 Nh3 43. Nf4 (43. Nxb6 {is interesting.} g5 44. Rc8+ Kf7 45. Rc7+ Kg6 46. Rc6+) 43... Nxf4 44. gxf4 {KR-KR} Ra2 45. Rc6 Rxa3 46. Rxb6 Ra2 47. b5 a5 48. Ra6 h4 49. b6 Kf7 {Weighted Error Value: White=0.09/Black=0.07} 1/2-1/2

[Event "Orsha A 2021"]
[Site "Orsha"]
[Date "2021.04.10"]
[Round "8.3"]
[White "Tsaruk, Maksim"]
[Black "Apryshko, Gleb"]
[Result "1/2-1/2"]
[WhiteElo "2306"]
[BlackElo "2391"]
[Annotator "TA"]
[PlyCount "32"]
[EventDate "2021.04.06"]
[EventType "swiss"]
[EventCountry "BLR"]
[SourceTitle "playchess.com"]
[Source "ChessBase"]
[SourceQuality "1"]

{[%evp 14,32,49,38,28,30,42,45,67,60,56,50,45,50,71,74,77,0,70,0,69]} 1. e4 e6 2. d4 d5 3. Nd2 Nf6 4. e5 Nfd7 5. c3 c5 6. Bd3 Nc6 7. Ne2 a5 8. Nf3 Be7 {C06: French Tarrasch: 3...Nf6 4 e5 Nfd7 5 Bd3 main lines.} 9. O-O a4 10. a3 cxd4 {White is slightly better.} 11. cxd4 Nb6 12. Nc3 Bd7 13. Bc2 Nb8 14. Ne1 {[#]} Nc6 $146 ({Predecessor:} 14... Bc6 15. Nd3 N8d7 16. Kh1 Qb8 17. f4 g6 18. Nb4 Qa7 19. Rb1 Qa5 20. Bd2 Qa7 21. Rf3 Nc4 22. Nxc6 bxc6 {½-½ (51) Rogic,D (2500)-De Francesco,K (2178) Austria 2021}) 15. Nf3 Nb8 16. Ne1 Nc6 {Weighted Error Value: White=0.18/Black=0.06} 1/2-1/2

[Event "Orsha A 2021"]
[Site "Orsha"]
[Date "2021.04.10"]
[Round "8.4"]
[White "Navumenka, Mikhei"]
[Black "Sargsyan, Anna M."]
[Result "0-1"]
[WhiteElo "2052"]
[BlackElo "2380"]
[Annotator "TA"]
[PlyCount "92"]
[EventDate "2021.04.06"]
[EventType "swiss"]
[EventCountry "BLR"]
[SourceTitle "playchess.com"]
[Source "ChessBase"]
[SourceQuality "1"]

{[%evp 9,91,54,54,53,56,60,53,53,72,85,185,168,173,100,215,165,173,160,212,94,91,94,89,47,36,0,0,0,22,0,0,-146,-148,-199,-198,-251,-223,-232,-245,-289,-257,-273,-192,-372,-262,-536,-520,-541,-514,-379,-290,-361,-353,-766,-753,-1164,-1161,-1133,-1126,-974,-717,-2996,-2950,-2232,-2096,-1762,-1659,-29965,-5731,-29973,-29974,-29973,-29974,-29974,-29975,-29968,-29973,-6499,-4291,-29997,-29998,-29998,-29999,-29999]} 1. c4 e5 2. g3 c6 3. d4 Nf6 4. Nc3 Bb4 5. dxe5 Ne4 6. Bd2 {[#] A23: English Opening: 1...e5 2 Nc3 Nf6 3 g3 c6.} Bxc3 $146 ({Predecessor:} 6... Nxd2 7. Qxd2 O-O 8. Bg2 Na6 9. a3 Be7 10. Nf3 Nc5 11. Rd1 f6 12. exf6 Rxf6 {1-0 (27) Yanev,T (2412)-Krastev,K (1768) Sofia 2012}) 7. Bxc3 Nxc3 8. bxc3 {White is slightly better.} Qa5 9. Qd4 c5 {[#]} (9... O-O $16) 10. Qd3 $1 $18 O-O 11. Nf3 ({White should try} 11. Bg2 $18) 11... h6 (11... d6 $16) 12. Nh4 d6 13. exd6 Rd8 {[#]} (13... Be6 $16) 14. Rd1 (14. f4 $1 $18 {and the rest is easy.}) 14... Nc6 $16 15. f4 {Strongly threatening Bg2.} Be6 16. Bg2 {Black must now prevent Bxc6.} Rxd6 17. Qxd6 Rd8 18. Qxd8+ Nxd8 19. O-O Bxc4 20. Rf2 {Black keeps a firm grip on the game.} (20. Rd2 $11) 20... Nc6 $17 ({Much less strong is} 20... Bxa2 21. Ra1 $15) 21. Bxc6 (21. Nf5 $17 {might work better.}) 21... bxc6 $19 22. f5 (22. e4 $142) 22... Qxc3 23. Ng2 Bxa2 24. Nf4 Bc4 25. g4 a5 {[%cal Ba7a5,Ba5a4,Ba4a3][%mdl 32]} 26. Kg2 $2 (26. g5 {was necessary.} Bd5 27. gxh6) 26... a4 {And now ...a3 would win.} 27. h4 $2 (27. Rd8+ Kh7 28. g5 Bd5+ 29. Nxd5 cxd5 30. Rf8) 27... Qf6 28. h5 Qh4 29. Kf3 a3 30. e4 Bb3 31. Rd7 $2 (31. Ra1) 31... Qh1+ 32. Kg3 Qg1+ 33. Kh3 Kf8 ({Not} 33... Qxf2 34. Rd8+ Kh7 35. Ng6 $11) 34. Rf3 Bd1 35. Rxa3 Qxg4+ {[%mdl 64] Double Attack} 36. Kh2 Qxf4+ {[%mdl 64] Double Attack} 37. Kg1 {[#]} Kg8 $1 38. Ra8+ (38. Rdd3 Bc2) 38... Kh7 39. Rdd8 Qe3+ 40. Kh2 Qf2+ 41. Kh3 Qf3+ 42. Kh2 Qxh5+ 43. Kg3 g5 {( -> ...Qf3+)} 44. Re8 Qf3+ {Black mates.} 45. Kh2 Qf2+ 46. Kh3 g4# {Weighted Error Value: White=1.14/Black=0.24} 0-1

[Event "Orsha A 2021"]
[Site "Orsha"]
[Date "2021.04.10"]
[Round "8.5"]
[White "Barseghyan, Armen Ar."]
[Black "Ulasevich, Sergei"]
[Result "1/2-1/2"]
[WhiteElo "2358"]
[BlackElo "2170"]
[Annotator "TA"]
[PlyCount "109"]
[EventDate "2021.04.06"]
[EventType "swiss"]
[EventCountry "BLR"]
[SourceTitle "playchess.com"]
[Source "ChessBase"]
[SourceQuality "1"]

{[%evp 25,109,24,23,19,23,4,8,0,0,0,7,0,0,0,0,0,6,8,21,-2,50,24,32,28,106,0,89,0,0,0,0,0,0,0,0,0,0,0,0,0,0,0,0,0,0,-15,0,0,0,0,0,0,0,-8,-8,-16,0,0,0,0,0,0,0,0,0,0,0,0,0,0,0,0,0,0,0,0,0,0,0,0,0,0,0,0,0,0]} 1. d4 Nf6 2. c4 g6 3. Nc3 d6 4. e4 Bg7 5. Nf3 O-O 6. Be2 e5 7. O-O exd4 8. Nxd4 Re8 9. f3 Nc6 10. Be3 Nh5 11. Qd2 Nf4 12. Nxc6 Nxe2+ 13. Nxe2 bxc6 14. Bd4 {E94: King's Indian: Classical: 6 Be2 e5 7 0-0: Various Black 7th moves.} Bxd4+ 15. Qxd4 c5 16. Qc3 {[#]} a5 $146 ({Predecessor:} 16... Bb7 17. Rae1 Qe7 18. Nc1 Qe5 19. Qxe5 Rxe5 20. Nd3 Re7 21. g4 f6 22. Kf2 Bc8 {½-½ (43) Bacrot,E (2705)-Saric,I (2616) Deizisau 2013}) 17. Rad1 Qe7 18. Nf4 {Hoping for Nd5.} Bb7 19. Nd3 a4 20. Rfe1 Qf8 21. e5 Qg7 22. f4 f6 (22... Re6 $11) 23. exf6 $14 Qf7 24. Nf2 {Black must now prevent Ng4.} Qd7 {[#]} (24... Rxe1+ $1 $11 {remains equal.} 25. Rxe1 Re8) 25. Qg3 (25. Re5 $1 $16 {[%mdl 512]}) 25... Rxe1+ $11 26. Rxe1 {aiming for Nh3.} Re8 {[%cal Re8e1] The position is equal.} 27. Ng4 Kf8 28. Nh6 Qc6 {Threatens to win with ...Rxe1+.} 29. Rxe8+ Qxe8 30. h3 Qe6 31. Qg5 Qe1+ 32. Kh2 Qe4 33. a3 Qe2 34. h4 Bc6 35. Qg3 Qxc4 36. f5 Qe4 37. h5 Qe2 $1 {[%cal Re2h5][%mdl 64] Double Attack} 38. hxg6 Qh5+ {[%mdl 64] Double Attack} 39. Qh3 $132 {[%mdl 2048] White wants to mate with g7+. White is not holding back} hxg6 40. fxg6 {White threatens g7+ and mate.} Qxg6 41. Qc8+ Be8 $1 42. Ng4 Qh7+ 43. Kg3 Qd3+ 44. Kh4 Qh7+ 45. Kg3 Qd3+ 46. Kh4 Qh7+ 47. Kg5 Qg8+ 48. Kf5 Qd5+ 49. Kf4 Qc4+ 50. Kf3 Qd5+ 51. Kf2 Qd2+ 52. Kf3 Qd5+ 53. Kf4 Qc4+ 54. Kg5 Qg8+ 55. Kh4 {Weighted Error Value: White=0.05/Black=0.07} 1/2-1/2

[Event "Orsha A 2021"]
[Site "Orsha"]
[Date "2021.04.10"]
[Round "8.6"]
[White "Vainerchuk, Barys"]
[Black "Vashchilov, Sergey"]
[Result "0-1"]
[WhiteElo "1993"]
[BlackElo "2172"]
[Annotator "TA"]
[PlyCount "144"]
[EventDate "2021.04.06"]
[EventType "swiss"]
[EventCountry "BLR"]
[SourceTitle "playchess.com"]
[Source "ChessBase"]
[SourceQuality "1"]

{[%evp 17,144,24,31,10,21,-3,0,0,0,-37,-28,-39,-7,-28,-21,-33,-39,-54,-58,-74,-66,-56,-52,-65,-59,-81,-86,-87,-90,-94,-109,-102,-88,-110,-111,-112,-88,-88,-88,-89,-72,-97,-90,-107,-104,-120,-119,-112,-107,-109,-106,-158,-155,-198,-173,-232,-106,-141,0,-179,0,-160,-89,-89,-83,-97,-89,-117,-95,-95,-95,-297,-248,-474,-462,-389,-171,-160,-158,-160,-147,-145,-145,-610,-584,-600,-365,-580,-443,-1501,-1274,-4990,-4437,-3718,-2206,-4990,-4990,-4990,-4369,-5168,-5093,-5185,-4547,-3796,-3377,-29971,-29971,-29970,-29971,-29960,-4627,-29976,-29977,-29965,-29958,-29983,-29984,-29984,-29985,-29985,-29986,-29986,-29987,-29988,-29988,-29989,-29990,-29992,-29993]} 1. e4 e6 2. d4 d5 3. Nc3 Bb4 4. e5 c5 5. Bd2 Ne7 6. Nb5 Bxd2+ 7. Qxd2 O-O 8. f4 cxd4 {8...Bd7 is the modern continuation.} 9. Nf3 Nbc6 10. Bd3 {[%mdl 1024] White has compensation. C17: French: 3 Nc3 Bb4 4 e5 c5 sidelines.} Qb6 11. O-O a6 12. Nd6 {The position is equal.} f6 13. Kh1 Bd7 14. Qf2 Be8 {[#]} 15. exf6 $146 (15. Qg3 {is interesting.} Bg6 16. Qh3 Nd8 17. Rae1 Bxd3 18. cxd3 Nc8 19. Nxc8 Rxc8 20. f5) ({Predecessor:} 15. c3 Bg6 16. Bxg6 Nxg6 17. Nxd4 Nxd4 18. Qxd4 Qxb2 19. exf6 Rxf6 20. f5 Raf8 21. a4 exf5 22. Qxd5+ {0-1 (39) Ozsvath,A-Farago,I Budapest 1965}) 15... Rxf6 {...Bg6 is the strong threat.} 16. Nxe8 Rxe8 17. c3 e5 (17... Rxf4 18. Bxh7+ Kh8 19. Qg3 $1 $14) 18. fxe5 {[#]} Nxe5 {[%mdl 64] Pin} 19. Qe2 Nxd3 20. Qxd3 Nf5 21. Nxd4 Nxd4 22. Rxf6 Qxf6 23. Qxd4 Qxd4 24. cxd4 $15 {[%mdl 4096] Endgame KR-KR} Re4 25. Rc1 Rxd4 26. Kg1 h6 27. Rc2 Rf4 28. g3 Rf7 29. Rc8+ Kh7 30. Rd8 Rc7 31. Rxd5 Rc1+ 32. Kg2 Rc2+ {[%mdl 64] Double Attack} 33. Kh3 Rxb2 34. a4 (34. Ra5 $142) 34... Rb4 $17 35. Rd6 h5 36. Kg2 (36. a5 {might work better.}) 36... Rb2+ (36... Rxa4 $19 {And now ...Ra2+ would win.} 37. Rb6 Ra2+ 38. Kh3 g5 39. Rxb7+ Kg6) 37. Kg1 Rb4 38. Kg2 $1 Rb2+ 39. Kg1 $1 g5 ({Black should play} 39... g6 40. Rd7+ Kh6) 40. h3 Kg7 41. Kf1 Rb4 42. Kf2 h4 43. gxh4 gxh4 44. Ke3 $2 (44. a5 $17) 44... Kf8 ({Not} 44... Rxa4 45. Rb6 $17) 45. Rd7 (45. a5 {was the only chance.}) 45... Ke8 $19 46. Rh7 Kd8 (46... a5 $142 47. Kf2 b6) 47. a5 Kc8 $1 48. Kd2 Ra4 49. Kc2 Rxa5 50. Rxh4 $2 {[%mdl 8192] [#] This costs White the game.} (50. Kb3 $17) 50... Ra3 $1 51. Rh7 Kb8 52. h4 (52. Kb2 $142 Rf3 53. h4) 52... Rh3 53. h5 (53. Rh5 $142 Ka7 54. Kb2) 53... Ka7 54. h6 Kb6 55. Kb2 a5 {[%cal Ba6a5,Ba5a4][%mdl 32]} 56. Rh8 Kb5 57. h7 Kb4 58. Kc2 Rh2+ 59. Kc1 a4 60. Rg8 Rxh7 61. Rg4+ Kb3 62. Rg3+ Ka2 63. Rg2+ {[#]} Ka1 $1 64. Rg5 Rh1+ {Black mates.} 65. Kc2 Rb1 66. Rg3 Rb2+ 67. Kc1 Ka2 68. Rf3 b5 {[%cal Bb7b5,Bb5b4,Bb4b3][%mdl 32]} 69. Rg3 b4 70. Rh3 a3 71. Rh8 b3 72. Rb8 Rg2 {Weighted Error Value: White=0.73/Black=0.43} 0-1